Cưới vợ gả chồng theo quan niệm người xưa : Căn duyên tiền định
Nội dung sách nhằm cung cấp những kiến thức hữu ích được đúc kết trong kinh nghiệm, nghiêm cứu của tác giả về phong tục cưới vợ gả chồng theo phong tục, văn hóa của người Việt Nam. Cuốn sách được tác giả ví như một tấm gương sáng đê...
שמור ב:
| מחבר ראשי: | |
|---|---|
| פורמט: | ספר |
| שפה: | Undetermined |
| יצא לאור: |
Hà Nội
Lao động
2008
|
| נושאים: | |
| תגים: |
הוספת תג
אין תגיות, היה/י הראשונ/ה לתייג את הרשומה!
|
| Thư viện lưu trữ: | Trung tâm Học liệu Trường Đại học Cần Thơ |
|---|
| LEADER | 01298nam a2200241Ia 4500 | ||
|---|---|---|---|
| 001 | CTU_135202 | ||
| 008 | 210402s9999 xx 000 0 und d | ||
| 020 | |c 80000 | ||
| 082 | |a 392.5 | ||
| 082 | |b H125 | ||
| 100 | |a Dương, Công Hầu | ||
| 245 | 0 | |a Cưới vợ gả chồng theo quan niệm người xưa : | |
| 245 | 0 | |b Căn duyên tiền định | |
| 245 | 0 | |c Dương Công Hầu (hiệu Khương Đức) | |
| 260 | |a Hà Nội | ||
| 260 | |b Lao động | ||
| 260 | |c 2008 | ||
| 520 | |a Nội dung sách nhằm cung cấp những kiến thức hữu ích được đúc kết trong kinh nghiệm, nghiêm cứu của tác giả về phong tục cưới vợ gả chồng theo phong tục, văn hóa của người Việt Nam. Cuốn sách được tác giả ví như một tấm gương sáng để soi việc vợ chồng để tránh khỏi những trắc trở và tạo nên một gia đình êm đẹp theo phong cách người Á Đông. | ||
| 650 | |a Hôn lễ Việt Nam,Marriage custom | ||
| 650 | |x Phong tục | ||
| 650 | |z Việt Nam,Vietnam | ||
| 904 | |i Trọng Hiếu | ||
| 980 | |a Trung tâm Học liệu Trường Đại học Cần Thơ | ||